Undécimo mandamiento : testimonio del sobreviviente argentino de la lista de schindler /

Guardado en:
Autor Principal: Wichter, Francisco
Formato: Libro
Publicado: Buenos Aires : Agora, 1998
Materias:
Etiquetas: Agregar Etiqueta
Sin Etiquetas, Sea el primero en etiquetar este registro!
LEADER 00622nam a22002055a 4500
001 CEM.cems009698
005 20101109101058.0
008 130507s1998##################000#0#####d
003 CEMS
020 |a 9879623517 
082 0 4 |a A863.4 
100 1 |a Wichter, Francisco 
245 1 0 |a Undécimo mandamiento :  |b testimonio del sobreviviente argentino de la lista de schindler /  |c Francisco Wichter 
260 |a Buenos Aires :  |b Agora,  |c 1998 
300 |a 187 p. 
653 |a Literatura 
653 |a Literatura argentina 
653 |a Genocidios 
653 |a Nazismo 
859 |a CEMS  |b BIB. CEMS - 11 de abril  |h A863.4  |i W632  |p 19936.98  |t Ej.1